<?xml version="1.0" encoding="UTF-8"?>
<record
    xmlns:xsi="http://www.w3.org/2001/XMLSchema-instance"
    xsi:schemaLocation="http://www.loc.gov/MARC21/slim http://www.loc.gov/standards/marcxml/schema/MARC21slim.xsd"
    xmlns="http://www.loc.gov/MARC21/slim">

  <leader>01158    a2200205   4500</leader>
  <controlfield tag="001">39352</controlfield>
  <controlfield tag="005">20260407155652.0</controlfield>
  <controlfield tag="008">260407a1977    arg                 spa d</controlfield>
  <controlfield tag="003">AR-UNSa-BCEJYS</controlfield>
  <datafield tag="040" ind1=" " ind2=" ">
    <subfield code="a">AR-UNSa-BCEJYS</subfield>
    <subfield code="b">spa</subfield>
    <subfield code="c">AR-UNSa-BCEJYS</subfield>
  </datafield>
  <datafield tag="080" ind1=" " ind2=" ">
    <subfield code="a">347.626.97</subfield>
    <subfield code="x">Liquidaci&#xF3;n de gananciales. Disoluci&#xF3;n de la comunidad. Participaci&#xF3;n en el procedimiento. Restituci&#xF3;n de la propiedad compartida</subfield>
  </datafield>
  <datafield tag="245" ind1="1" ind2="0">
    <subfield code="a">Liquidaci&#xF3;n de la sociedad conyugal por causa de divorcio</subfield>
    <subfield code="p">procedimiento</subfield>
  </datafield>
  <datafield tag="264" ind1=" " ind2="1">
    <subfield code="a">Buenos Aires :</subfield>
    <subfield code="b">Plus Ultra</subfield>
    <subfield code="c">1977</subfield>
  </datafield>
  <datafield tag="300" ind1=" " ind2=" ">
    <subfield code="a">155 p.</subfield>
    <subfield code="c">23 cm.</subfield>
  </datafield>
  <datafield tag="505" ind1=" " ind2=" ">
    <subfield code="a">1. Pautas legales para la liquidaci&#xF3;n de la sociedad conyugal por causa de divorcio - 2. Restituci&#xF3;n de los bienes propios - 3. Liquidaci&#xF3;n simultanea de sociedades sucesicas o superpuestas - 4. El transito hacia la partici&#xF3;n - 5. Liquidaci&#xF3;n privada - 6. Partici&#xF3;n mixta - 8. Liquidaci&#xF3;n judicial: generalidades - 9. Liquidaci&#xF3;n judicial: inventario y aval&#xFA;o - 10. Liquidaci&#xF3;n judicial: administraci&#xF3;n - 11. Liquidaci&#xF3;n judicial: La partici&#xF3;n</subfield>
  </datafield>
  <datafield tag="041" ind1=" " ind2=" ">
    <subfield code="a">spa</subfield>
  </datafield>
  <datafield tag="942" ind1=" " ind2=" ">
    <subfield code="c">BK</subfield>
  </datafield>
  <datafield tag="590" ind1=" " ind2=" ">
    <subfield code="a">niveau_biblio:m niveau_hierar:0</subfield>
  </datafield>
  <datafield tag="100" ind1="1" ind2=" ">
    <subfield code="a">Escribano, Carlos</subfield>
  </datafield>
  <datafield tag="999" ind1=" " ind2=" ">
    <subfield code="c">3032</subfield>
    <subfield code="d">3032</subfield>
  </datafield>
  <datafield tag="952" ind1=" " ind2=" ">
    <subfield code="0">0</subfield>
    <subfield code="1">0</subfield>
    <subfield code="4">0</subfield>
    <subfield code="7">0</subfield>
    <subfield code="a">BCEJYS</subfield>
    <subfield code="b">BCEJYS</subfield>
    <subfield code="c">16</subfield>
    <subfield code="d">2026-04-07</subfield>
    <subfield code="l">0</subfield>
    <subfield code="o">347.626.97 E74</subfield>
    <subfield code="p">L87191</subfield>
    <subfield code="r">2026-04-07 15:56:52</subfield>
    <subfield code="w">2026-04-07</subfield>
    <subfield code="y">L</subfield>
  </datafield>
</record>
